MARC details
| 000 -CABECERA |
| campo de control de longitud fija |
03552pam a22004331i 4500 |
| 001 - NÚMERO DE CONTROL |
| campo de control |
991025336347807026 |
| 003 - IDENTIFICADOR DEL NÚMERO DE CONTROL |
| campo de control |
UkOxU |
| 005 - FECHA Y HORA DE LA ÚLTIMA TRANSACCIÓN |
| campo de control |
20260309114931.0 |
| 006 - CÓDIGOS DE INFORMACIÓN DE LONGITUD FIJA--CARACTERÍSTICAS DEL MATERIAL ADICIONAL |
| campo de control de longitud fija |
m || d | |
| 007 - CAMPO FIJO DE DESCRIPCIÓN FÍSICA--INFORMACIÓN GENERAL |
| campo de control de longitud fija |
cr ||||||||||| |
| 008 - DATOS DE LONGITUD FIJA--INFORMACIÓN GENERAL |
| campo de control de longitud fija |
230512s2023 enka ob 001|0 eng|d |
| 015 ## - NÚMERO DE BIBLIOGRAFÍA NACIONAL |
| Número de bibliografía nacional |
GBC397748 |
| Fuente |
bnb |
| 020 ## - NÚMERO INTERNACIONAL ESTÁNDAR DEL LIBRO |
| Número Internacional Estándar del Libro |
9781000904451 |
| Información calificativa |
(ePub ebook): |
| Condiciones de disponibilidad |
Đ45.99 |
| 020 ## - NÚMERO INTERNACIONAL ESTÁNDAR DEL LIBRO |
| Número Internacional Estándar del Libro |
9780367491840 |
| 020 ## - NÚMERO INTERNACIONAL ESTÁNDAR DEL LIBRO |
| ISBN cancelado o inválido |
9780367491888 |
| Información calificativa |
(hardback): |
| Condiciones de disponibilidad |
Đ130.00 |
| 020 ## - NÚMERO INTERNACIONAL ESTÁNDAR DEL LIBRO |
| ISBN cancelado o inválido |
9780367491840 |
| Información calificativa |
(paperback): |
| Condiciones de disponibilidad |
Đ45.99 |
| 020 ## - NÚMERO INTERNACIONAL ESTÁNDAR DEL LIBRO |
| Número Internacional Estándar del Libro |
9781000904390 |
| Información calificativa |
(PDF ebook): |
| Condiciones de disponibilidad |
Đ45.99 |
| 024 7# - IDENTIFICADOR DE OTROS ESTÁNDARES |
| Número estándar o código |
10.4324/9781003044963 |
| Fuente del número o código |
doi |
| 035 ## - NÚMERO DE CONTROL DEL SISTEMA |
| Número de control de sistema |
(Uk)021062351 |
| 037 ## - FUENTE DE ADQUISICIÓN |
| Número de adquisición |
9781000904451 |
| Fuente del número de adquisición |
Ingram Content Group |
| 040 ## - FUENTE DE LA CATALOGACIÓN |
| Centro catalogador/agencia de origen |
StDuBDS |
| Lengua de catalogación |
eng |
| Normas de descripción |
rda |
| -- |
pn |
| Centro/agencia transcriptor |
StDuBDS |
| Centro/agencia modificador |
Uk |
| -- |
UkOxU |
| 041 ## - CÓDIGO DE LENGUA |
| Código de lengua del texto/banda sonora o título independiente |
English |
| 042 ## - CÃDIGO DE AUTENTICACIÃN |
| Código de autenticación |
ukblsr |
| 100 ## - ENTRADA PRINCIPAL--NOMBRE DE PERSONA |
| Nombre de persona |
Bowdin, G. A. J. |
| Término indicativo de función/relación |
author. |
| URI de un objeto del mundo real |
https://isni.org/isni/0000000050776895 |
| 9 (RLIN) |
26855 |
| 245 10 - MENCIÓN DE TÍTULO |
| Título |
Events management. |
| 250 ## - MENCIÓN DE EDICIÓN |
| Mención de edición |
Fourth edition / |
| Resto de la mención de edición |
Glenn A.J. Bowdin [and five others]. |
| 264 #1 - PRODUCCIÓN, PUBLICACIÓN, DISTRIBUCIÓN, FABRICACIÓN Y COPYRIGHT |
| Producción, publicación, distribución, fabricación y copyright |
London : |
| Nombre del de productor, editor, distribuidor, fabricante |
Routledge, |
| Fecha de producción, publicación, distribución, fabricación o copyright |
2023. |
| 300 ## - DESCRIPCIÓN FÍSICA |
| Extensión |
852 Pages 122 Color Illustrations |
| 490 0# - MENCIÓN DE SERIE |
| Mención de serie |
Events management series |
| 500 ## - NOTA GENERAL |
| Nota general |
Previous edition: published as by Glenn A.J. Bowdin, Johnny Allen, William O'Toole, Robert Harris, Ian McDonnell. Amsterdam: Butterworth-Heinemann, 2011. |
| 500 ## - NOTA GENERAL |
| Nota general |
Academic |
| 504 ## - NOTA DE BIBLIOGRAFÍA, ETC. |
| Nota de bibliografía, etc. |
Includes bibliographical references and index. |
| 505 0# - NOTA DE CONTENIDO CON FORMATO |
| Nota de contenido con formato |
Section 1: Event Context — An Overview of the Event Field — Perspectives on Events — The Event Planning Context — Event Tourism Planning — Sustainable Event Management<br/><br/>Section 2: Planning — Strategic Event Planning — Conceptualising the Event — Event Project Management — Event Financial Planning — Human Resource Management and Events — Marketing Planning for Events — Promotion: Integrated Marketing Communication for Events — Sponsorship of Events<br/><br/>Section 3: Event Operations and Evaluation — Event Design and Production — Event Logistics — Legal Considerations in Event Planning and Management — Risk Management — Evaluation and Research. |
| 506 1# - NOTA DE RESTRICCIONES AL ACCESO |
| Limitaciones de acceso |
Legal Deposit; |
| Condiciones para el acceso físico |
Only available on premises controlled by the deposit library and to one user at any one time; |
| Autorización |
The Legal Deposit Libraries (Non-Print Works) Regulations (UK). |
| Institución que aplica el campo |
UkOxU |
| 520 ## - SUMARIO, ETC. |
| Sumario, etc. |
A must-have introductory text of unrivalled coverage and depth focusing on events planning and management, the fourth edition of Events Management provides a complete A to Z of the principles and practices of planning, managing and staging events.<br/><br/>The book offers a systematic guide to organising successful events, examining areas such as event design, logistics, marketing, human resource management, financial planning, risk management, impacts, evaluation and reporting. The fourth edition has been fully updated and revised to include content covering technology, including virtual and hybrid events, concepts such as social capital, soft power and events, social inclusion, equality, accessibility and diversity, and the latest industry reports, research and legal frameworks. The book is logically structured and features new case studies, showing real-life applications and highlighting issues with planning events of all types and scales in a range of geographical locations.<br/><br/>This book has been dubbed ‘the events management bible’ and fosters an interactive learning experience amongst scholars of events management, tourism and hospitality. |
| 650 #0 - PUNTO DE ACCESO ADICIONAL DE MATERIA--TÉRMINO DE MATERIA |
| Término de materia o nombre geográfico como elemento de entrada |
Special events |
| Subdivisión general |
Management |
| 9 (RLIN) |
22163 |
| 700 ## - ENTRADA AGREGADA--NOMBRE PERSONAL |
| Nombre de persona |
Bowdin, G. A. J. |
| Título de la obra |
Events management. |
| Versión |
Third edition. |
| 942 ## - ELEMENTOS DE ENTRADA AGREGADA (KOHA) |
| Fuente del sistema de clasificación o colocación |
Clasificación de Library of Congress |